الفرح والسعادة والتطور / (رقم التسجيلة. 87373)

تفاصيل مارك
000 -LEADER
fixed length control field 00511nam a22001697a 4500
005 - DATE AND TIME OF LATEST TRANSACTION
control field 20251108172737.0
008 - FIXED-LENGTH DATA ELEMENTS--GENERAL INFORMATION
fixed length control field 250721s2002 xx 000 0 ara d
082 14 - DEWEY DECIMAL CLASSIFICATION NUMBER
Classification number 152.4/دلف
100 1# - MAIN ENTRY--PERSONAL NAME
Personal name الدلفي، محسن علي
Relator term مؤلف
245 10 - TITLE STATEMENT
Title الفرح والسعادة والتطور /
264 1# - PRODUCTION, PUBLICATION, DISTRIBUTION, MANUFACTURE, AND COPYRIGHT NOTICE
Place of production, publication, distribution, manufacture عمان :
Name of producer, publisher, distributor, manufacturer جهينة للنشر والتوزيع،
Date of production, publication, distribution, manufacture, or copyright notice 2002.
300 ## - PHYSICAL DESCRIPTION
Extent 411ص
650 17 - SUBJECT ADDED ENTRY--TOPICAL TERM
Topical term or geographic name as entry element سيكولوجية الشخصية
650 17 - SUBJECT ADDED ENTRY--TOPICAL TERM
Topical term or geographic name as entry element العواطف
942 ## - ADDED ENTRY ELEMENTS (KOHA)
Source of classification or shelving scheme Dewey Decimal Classification
Koha item type كتب
المقتنيات
حالة السحب حالة الفقدان مصدر التصنيف حالة التلف غير قابل للإعارة المكتبة الرئيسية المكتبة الحالية موقع الرف تاريخ التزويد الرقم المتسلسل Total Checkouts رقم الإستدعاء تاريخ آخر ظهور تاريخ الفاتورة نوع المادة (كوها) الباركود
    Dewey Decimal Classification Unchecked   مكتبة الأميرة ايمان العامة مكتبة الأميرة ايمان العامة الإعارة 28/07/2025     152.4/دلف 28/07/2025 28/07/2025 كتب  
    Dewey Decimal Classification Unchecked   مكتبة النصر العامة مكتبة النصر العامة الإعارة 28/07/2025 519318   152.4/دلف 28/07/2025 28/07/2025 كتب  
    Dewey Decimal Classification     مكتبة النصر العامة مكتبة النصر العامة الإعارة 20/11/2014 591329   152.4/دلف 28/07/2025 20/11/2014 كتب PLD00310981
    Dewey Decimal Classification     مكتبة حمزة العامة مكتبة حمزة العامة الإعارة 22/11/2015 591324   152.4/دلف 28/07/2025 22/11/2015 كتب PLD00365990
Implemented & Customized by: BBB with SCIT (Smart Chains for Information Technology)

Powered by Koha